| 000 | 00675nam a2200217 a 4500 | ||
|---|---|---|---|
| 001 | 000014888 | ||
| 005 | 20240412074242.0 | ||
| 008 | 100127s2007 dr 000 0 spa d | ||
| 020 | _a9789993462965 | ||
| 040 |
_aDO-SdBNP _bspa _cBNPHU |
||
| 082 |
_aRD862.5 _bD278 |
||
| 100 | 1 |
_aDe Paula, Hermes, _d1974- _933724 |
|
| 245 | 1 | 0 |
_aEcos de un viaje / _cHermes De Paula. |
| 260 |
_aSanto Domingo : _bUASD, _c2007. |
||
| 300 |
_a93 p. ; _c21 cm. |
||
| 500 | _aIncluye datos biográficos del autor en la contracubierta. | ||
| 650 | 0 |
_aTeatro dominicano _9637 |
|
| 650 | 0 |
_aLiteratura dominicana. _967 |
|
| 049 | _aBNPD | ||
| 710 | 1 |
_aUniversidad Autónoma de Santo Domingo _972951 |
|
| 999 |
_c14468 _d14468 |
||